[Event "World Blitz 2016"]
[Site "Doha QAT"]
[Date "2016.12.30"]
[Round "16.50"]
[White "Quintiliano Pinto, Renato R."]
[Black "Gashimov, Sarkhan"]
[Result "1-0"]
[WhiteTitle "IM"]
[WhiteElo "2484"]
[BlackElo "2351"]
[WhiteFideId "2117568"]
[BlackFideId "13400657"]
[EventDate "2016.12.29"]

1. d4 Nf6 2. Nf3 e6 3. Bf4 c5 4. e3 Qb6 5. Nc3 d5 6. Rb1 Be7 7. dxc5 Bxc5 8. Bd3
O-O 9. O-O Be7 10. e4 dxe4 11. Nxe4 Nbd7 12. Nd6 Nd5 13. Nxc8 Raxc8 14. Bd2 Nc5
15. Bc4 Rfd8 16. Qe2 Bf6 17. c3 a6 18. Rfd1 Qc7 19. g3 b5 20. Bxd5 Rxd5 21. Bf4
Qc6 22. Rxd5 Qxd5 23. a3 Rd8 24. Be3 Nb3 25. h4 h6 26. Nh2 Na5 27. Bb6 Nc4 28.
Bxd8 Bxd8 29. Rd1 Qa8 30. a4 Bb6 31. axb5 axb5 32. b3 Nd6 33. Rxd6 Qb8 34. Rd3
g6 35. Ng4 h5 36. Ne5 Qa8 37. Qf3 Qa7 38. Rd7 Qa1+ 39. Kg2 f5 40. Qc6 1-0

[Event "World Blitz 2016"]
[Site "Doha QAT"]
[Date "2016.12.30"]
[Round "16.51"]
[White "khayat, Abdullah F"]
[Black "Xu, Yi"]
[Result "1-0"]
[BlackTitle "IM"]
[WhiteElo "1732"]
[BlackElo "2430"]
[WhiteFideId "21500460"]
[BlackFideId "8605564"]
[EventDate "2016.12.29"]

1. d4 Nf6 2. c4 e6 3. Nf3 d5 4. cxd5 exd5 5. Nc3 Bb4 6. Bd2 O-O 7. g3 c6 8. Bg2
Re8 9. O-O Nbd7 10. Re1 Nf8 11. a3 Bd6 12. Qc2 Ng6 13. e4 dxe4 14. Nxe4 Bf5 15.
Nxf6+ Qxf6 16. Rxe8+ Rxe8 17. Qb3 b6 18. Bg5 Qe6 19. Qa4 Be4 20. Re1 f6 21. Nd2
fxg5 22. Rxe4 Qf7 23. Rxe8+ Qxe8 24. Qxc6 Qe7 25. Bd5+ Kh8 26. Ne4 Bc7 27. Nxg5
Qxg5 28. Qe8+ 1-0

[Event "World Blitz 2016"]
[Site "Doha QAT"]
[Date "2016.12.30"]
[Round "16.52"]
[White "Darini, Pouria"]
[Black "Tissir, Mohamed"]
[Result "1-0"]
[WhiteTitle "GM"]
[BlackTitle "IM"]
[WhiteElo "2511"]
[BlackElo "2376"]
[WhiteFideId "12502200"]
[BlackFideId "9000240"]
[EventDate "2016.12.29"]

1. e4 c5 2. Nf3 e6 3. d4 cxd4 4. Nxd4 a6 5. Nc3 Qc7 6. Qf3 d6 7. Bg5 Nd7 8.
O-O-O Ngf6 9. Be2 h6 10. Be3 Ne5 11. Qg3 Nc4 12. f4 Nxe3 13. Qxe3 Be7 14. Kb1 b5
15. e5 dxe5 16. fxe5 Nd7 17. Bf3 Bb7 18. Rhe1 O-O 19. Bxb7 Qxb7 20. Qg3 Nc5 21.
Nb3 Rac8 22. Nxc5 Rxc5 23. Ne4 Rd5 24. Rxd5 Qxd5 25. Nf6+ Bxf6 26. exf6 Qg5 27.
fxg7 Qxg7 28. Qd6 Qxg2 29. Qxa6 Qxh2 30. Qxb5 Rd8 31. a4 Qg3 32. Rc1 Rb8 33. Qc5
Qf4 34. Rg1+ Kh7 35. a5 Qb4 36. Qe5 Rg8 37. Rf1 Rg7 38. a6 Qa4 39. Qe2 f5 40.
Qxe6 Rc7 41. Qxf5+ Kg7 42. Qe5+ 1-0

[Event "World Blitz 2016"]
[Site "Doha QAT"]
[Date "2016.12.30"]
[Round "16.53"]
[White "Shytaj, Luca"]
[Black "Stratonowitsch, Andre"]
[Result "1-0"]
[WhiteTitle "IM"]
[WhiteElo "2435"]
[BlackElo "2138"]
[WhiteFideId "812633"]
[BlackFideId "24613959"]
[EventDate "2016.12.29"]

1. e4 c5 2. Nf3 e6 3. b3 Nc6 4. Bb2 d6 5. Bb5 Bd7 6. O-O Nf6 7. Re1 Be7 8. d4
cxd4 9. Nxd4 Nxd4 10. Bxd7+ Qxd7 11. Bxd4 O-O 12. c4 d5 13. cxd5 exd5 14. e5 Ne4
15. f3 Nc5 16. Nc3 Rac8 17. Rc1 Ne6 18. Kh1 Bb4 19. Re2 Nf4 20. Rec2 Qf5 21. Ne2
Rxc2 22. Rxc2 Nxe2 23. Qxe2 Rc8 24. Rxc8+ Qxc8 25. g4 b6 26. Kg2 Qc1 27. e6 fxe6
28. Qxe6+ Kf8 29. Qf5+ Kg8 30. Qxd5+ Kf8 31. Qd8+ Kf7 32. Qd7+ Kf8 33. Qxg7+ Ke8
34. Qg8+ Kd7 35. Qxh7+ Kc6 36. Qg6+ Kd5 37. Qe4+ Kd6 38. Be5+ Ke6 39. Bf4+ 1-0

[Event "World Blitz 2016"]
[Site "Doha QAT"]
[Date "2016.12.30"]
[Round "17.2"]
[White "Karjakin, Sergey"]
[Black "Ivanchuk, Vassily"]
[Result "1-0"]
[WhiteTitle "GM"]
[BlackTitle "GM"]
[WhiteElo "2785"]
[BlackElo "2747"]
[WhiteFideId "14109603"]
[BlackFideId "14100010"]
[EventDate "2016.12.29"]

1. e4 c5 2. Nf3 d6 3. d4 cxd4 4. Nxd4 Nf6 5. Nc3 Nc6 6. Bg5 e6 7. Qd2 a6 8.
O-O-O h6 9. Nxc6 bxc6 10. Bf4 d5 11. Qe3 Bb4 12. Be2 O-O 13. e5 Nd7 14. h4 c5
15. Bxh6 gxh6 16. Qxh6 Nxe5 17. Rh3 Bxc3 18. bxc3 Ra7 19. Rg3+ Ng6 20. h5 Qh4
21. Rg4 Qh2 22. Bd3 1-0

[Event "World Blitz 2016"]
[Site "Doha QAT"]
[Date "2016.12.30"]
[Round "17.4"]
[White "Grischuk, Alexander"]
[Black "Morozevich, Alexander"]
[Result "1-0"]
[WhiteTitle "GM"]
[BlackTitle "GM"]
[WhiteElo "2737"]
[BlackElo "2676"]
[WhiteFideId "4126025"]
[BlackFideId "4116992"]
[EventDate "2016.12.29"]

1. e4 e6 2. d4 d5 3. e5 c5 4. c3 Nc6 5. Nf3 Bd7 6. a3 f6 7. Bd3 Qc7 8. O-O O-O-O
9. Qe2 Nge7 10. b4 c4 11. Bc2 Ng6 12. Re1 Be7 13. a4 fxe5 14. dxe5 Rdf8 15. Na3
Nf4 16. Qd1 Be8 17. Nb5 Qd7 18. Nfd4 Bh5 19. f3 Kb8 20. Be3 Nxg2 21. Kxg2 Nxe5
22. Bf4 Rxf4 23. Rxe5 g5 24. Qe1 Bf6 25. Rxe6 Re8 26. Rxe8+ Bxe8 27. Bf5 Qf7 28.
Nd6 Qf8 29. Ne6 Qxd6 30. Nxf4 Bc6 31. Ne6 d4 32. Nxd4 Bxd4 33. cxd4 Qxd4 34. Rd1
Qb2+ 35. Qd2 c3 36. Qxb2 cxb2 37. Rb1 1-0

[Event "World Blitz 2016"]
[Site "Doha QAT"]
[Date "2016.12.30"]
[Round "17.7"]
[White "Bosiocic, Marin"]
[Black "Korobov, Anton"]
[Result "0-1"]
[WhiteTitle "GM"]
[BlackTitle "GM"]
[WhiteElo "2591"]
[BlackElo "2692"]
[WhiteFideId "14507927"]
[BlackFideId "14105730"]
[EventDate "2016.12.29"]

1. d4 Nf6 2. Bf4 g6 3. Nc3 d5 4. Qd2 Bg7 5. Bh6 O-O 6. h4 c5 7. Bxg7 Kxg7 8. e3
Nc6 9. Nf3 Bg4 10. Ne5 h5 11. f3 Be6 12. Be2 Nxe5 13. dxe5 Nd7 14. f4 Nb6 15.
O-O-O Qd7 16. g4 Bxg4 17. Bxg4 Qxg4 18. Rhg1 Qh3 19. b3 Rad8 20. Nb5 a6 21. Nc3
d4 22. Ne4 dxe3 23. Qe2 Rd4 24. Ng5 Qxh4 25. Rxd4 cxd4 26. Qd3 e2 27. Qe4 Qf2
28. Qh1 d3 29. cxd3 Rc8+ 30. Kb1 Nd5 31. Ne4 Nc3+ 32. Nxc3 Rxc3 33. Re1 Rxd3 0-1

[Event "World Blitz 2016"]
[Site "Doha QAT"]
[Date "2016.12.30"]
[Round "17.8"]
[White "Nepomniachtchi, Ian"]
[Black "Salem, A.R. Saleh"]
[Result "0-1"]
[WhiteTitle "GM"]
[BlackTitle "GM"]
[WhiteElo "2767"]
[BlackElo "2656"]
[WhiteFideId "4168119"]
[BlackFideId "9301348"]
[EventDate "2016.12.29"]

1. e4 c5 2. Nf3 d6 3. d4 cxd4 4. Qxd4 Nf6 5. Bb5+ Nbd7 6. c4 a6 7. Ba4 g6 8. Nc3
Bg7 9. O-O O-O 10. Qe3 Nc5 11. Bc2 b5 12. Qe2 bxc4 13. e5 dxe5 14. Nxe5 Qc7 15.
Nxc4 Ng4 16. g3 Nf6 17. Qe5 Qc6 18. Na5 Qb6 19. Nc4 Qc6 20. Na5 Qb6 21. Nb3 Nxb3
22. Bxb3 Bb7 23. Qe2 Rfd8 24. Be3 Qc6 25. f3 e6 26. Rac1 Qe8 27. Bf4 Nd5 28.
Bxd5 Bxd5 29. Be5 Bc4 30. Qxc4 Bxe5 31. Qe2 Bg7 32. Rfd1 Rab8 33. b3 Rxd1+ 34.
Nxd1 Qd7 35. Ne3 a5 36. Rd1 Qc6 37. Nc4 a4 38. Rd3 h5 39. Kg2 axb3 40. axb3 Ra8
41. Qe4 Ra2+ 42. Rd2 Rxd2+ 43. Nxd2 Qc3 44. Qe2 Bh6 45. f4 Bf8 46. Nc4 Qxb3 47.
Ne5 Bd6 48. Nf3 Qd5 49. Qc2 Be7 50. Qe2 Kg7 51. Qb2+ Bf6 52. Qe2 Bd4 53. Qd2 Bc5
54. Qb2+ f6 55. Qc3 Kf7 56. Qc2 Kg7 57. Qc3 Kf7 58. Qc2 Bb6 59. Qb2 Qc6 60. h4
Kg7 61. Qa2 Kf7 62. Qb2 Qc5 63. Qd2 Qd5 64. Qb2 Bc5 65. Qc2 Kg7 66. Qb2 Qe4 67.
Qd2 Qe3 68. Qd7+ Kh6 69. Nh2 Qe2+ 70. Kh1 Qe4+ 71. Nf3 Qxf3+ 72. Kh2 Qe2+ 0-1

[Event "World Blitz 2016"]
[Site "Doha QAT"]
[Date "2016.12.30"]
[Round "17.9"]
[White "Artemiev, Vladislav"]
[Black "Wojtaszek, Radoslaw"]
[Result "1/2-1/2"]
[WhiteTitle "GM"]
[BlackTitle "GM"]
[WhiteElo "2653"]
[BlackElo "2749"]
[WhiteFideId "24101605"]
[BlackFideId "1118358"]
[EventDate "2016.12.29"]

1. b3 d5 2. Bb2 Bf5 3. Nf3 e6 4. g3 Nf6 5. Bg2 Be7 6. O-O O-O 7. d3 h6 8. c4 c6
9. Nbd2 a5 10. a3 Bh7 11. Qc2 Na6 12. Rac1 Re8 13. Qb1 Nd7 14. Rc2 Bf6 15. Bxf6
Nxf6 16. b4 axb4 17. axb4 Nc7 18. Rfc1 e5 19. cxd5 Nfxd5 20. Qb2 Qe7 21. Rc4 Nb5
22. Ne4 Nb6 23. R4c2 Bxe4 24. dxe4 Ra4 25. Rc5 Nd7 26. R5c4 Rea8 27. Bh3 Ra2 28.
Qb1 Nf6 29. e3 Nd6 30. Rc5 Nfxe4 31. Rxe5 Qf6 32. Rxe4 Ra1 33. Rf4 Rxb1 34. Rxb1
Qc3 35. Kg2 Ra1 36. Rxa1 Qxa1 37. Rd4 Nb5 38. Rd8+ Kh7 39. Rd7 Qf6 40. Rxb7 g5
41. Bg4 Nd6 42. Rd7 Ne4 43. Rd4 Nc3 44. Nd2 Kg7 45. Ne4 Nxe4 46. Rxe4 Qd6 47.
Bf3 c5 48. bxc5 Qxc5 49. h4 Qc7 50. Rd4 Qe7 51. hxg5 hxg5 52. Rd5 Qf6 53. g4 Qe7
54. Rf5 f6 55. Rb5 Qd6 56. Rb7+ Kf8 57. Be4 Qe6 58. Kf3 Qd6 59. Rb5 Qd1+ 60. Kg3
Qd6+ 61. Kg2 Qe6 62. Rb8+ Ke7 63. Bf3 Qd6 64. Rh8 Kf7 65. Be4 Kg7 66. Rh7+ Kf8
67. Rb7 Qe5 68. Bf3 Qd6 69. Ra7 1/2-1/2

[Event "World Blitz 2016"]
[Site "Doha QAT"]
[Date "2016.12.30"]
[Round "17.11"]
[White "Vallejo Pons, Francisco"]
[Black "Anand, Viswanathan"]
[Result "1/2-1/2"]
[WhiteTitle "GM"]
[BlackTitle "GM"]
[WhiteElo "2711"]
[BlackElo "2779"]
[WhiteFideId "2205530"]
[BlackFideId "5000017"]
[EventDate "2016.12.29"]

1. d4 Nf6 2. c4 e6 3. g3 c5 4. Nf3 cxd4 5. Nxd4 a6 6. Bg2 Qc7 7. Nd2 Bc5 8. N2b3
Be7 9. Be3 d6 10. Rc1 Nbd7 11. O-O O-O 12. Qd2 Nc5 13. Rfd1 Bd7 14. Nxc5 dxc5
15. Nb3 a5 16. Qc3 Bc6 17. Bxc6 Qxc6 18. Nxa5 Qc7 19. Nb3 Rxa2 20. Ra1 Rxa1 21.
Rxa1 Rd8 22. Bf4 Qc6 23. Qf3 Qb6 24. Kg2 h6 25. h4 Qb4 26. Na5 Rd7 27. Qb3 Ne4
28. Qxb4 cxb4 29. Nb3 Nc5 30. Ra8+ Kh7 31. Nxc5 Bxc5 32. Rc8 b6 33. Rc7 Rxc7 34.
Bxc7 b3 35. Be5 f6 36. Bc3 h5 37. e4 f5 38. exf5 exf5 39. f4 g6 40. Kf3 Kg8 41.
Ke2 Kf7 42. Be5 Ke6 43. Bc3 Kd7 44. Be5 Kc6 45. Bc3 b5 46. cxb5+ Kxb5 47. Be5
Kc4 48. Bf6 Kd5 49. Bc3 Ke4 50. Bf6 Bb4 51. Bg7 Ba5 52. Bf6 1/2-1/2

[Event "World Blitz 2016"]
[Site "Doha QAT"]
[Date "2016.12.30"]
[Round "17.12"]
[White "Onischuk, Vladimir"]
[Black "Cheparinov, Ivan"]
[Result "1-0"]
[WhiteTitle "GM"]
[BlackTitle "GM"]
[WhiteElo "2601"]
[BlackElo "2689"]
[WhiteFideId "14114038"]
[BlackFideId "2905540"]
[EventDate "2016.12.29"]

1. e4 e5 2. Nf3 Nc6 3. Bb5 a6 4. Ba4 Nf6 5. O-O Be7 6. d3 b5 7. Bb3 d6 8. a3 O-O
9. Nc3 Rb8 10. h3 Na5 11. Ba2 c5 12. Bd2 Be6 13. Bb1 h6 14. Ne2 c4 15. Ba2 Nc6
16. Ng3 d5 17. Re1 dxe4 18. dxe4 Bc5 19. c3 Qb6 20. Qe2 Rbd8 21. Rad1 Rd7 22.
Bc1 Rxd1 23. Rxd1 Rd8 24. Re1 Bf8 25. Bb1 g6 26. Nh2 Qc7 27. Qf3 Qe7 28. h4 Nh7
29. h5 Ng5 30. Qe2 Qf6 31. Ng4 Bxg4 32. Qxg4 Bc5 33. Rf1 Na5 34. Kh1 Nb3 35. f4
Nxc1 36. fxg5 Qxg5 37. Qxg5 hxg5 38. Rxc1 Rd2 39. Bc2 Kg7 40. hxg6 fxg6 41. Nf1
Rf2 42. a4 Kh6 43. axb5 axb5 44. Nh2 Kg7 45. Ng4 Re2 46. Kh2 b4 47. cxb4 Bxb4
48. Bd1 Rxb2 49. Rxc4 Bd2 50. Rc7+ Kf8 51. Bf3 Bf4+ 52. Kh3 Rb1 53. g3 Rb3 54.
Kg2 Rb2+ 55. Kf1 Rb1+ 56. Ke2 Rb2+ 57. Kd3 Bxg3 58. Ne3 Bf4 59. Nd5 Rb3+ 60. Rc3
Rb7 61. Bg4 Kf7 62. Rc7+ Rxc7 63. Nxc7 Ke7 64. Kc4 Kd6 65. Ne6 Be3 66. Nf8 Ke7
67. Nxg6+ Kf6 68. Nf8 Ke7 69. Nd7 Kd6 70. Nf6 Bf4 71. Kb5 Be3 72. Ne8+ Ke7 73.
Nc7 Kd6 74. Nd5 Bd4 75. Nb6 Ba1 76. Nc4+ Ke7 77. Kc5 Bd4+ 78. Kd5 Kf6 79. Na5
Bc3 80. Nb7 Bd4 81. Nc5 Ke7 82. Nd7 1-0

[Event "World Blitz 2016"]
[Site "Doha QAT"]
[Date "2016.12.30"]
[Round "17.13"]
[White "Mchedlishvili, Mikheil"]
[Black "Yu, Yangyi"]
[Result "1/2-1/2"]
[WhiteTitle "GM"]
[BlackTitle "GM"]
[WhiteElo "2601"]
[BlackElo "2729"]
[WhiteFideId "13600966"]
[BlackFideId "8603820"]
[EventDate "2016.12.29"]

1. c4 e5 2. g3 f5 3. Bg2 Nf6 4. Nc3 c6 5. d4 e4 6. Nh3 d5 7. cxd5 cxd5 8. Bg5
Bb4 9. Qb3 Nc6 10. O-O Bxc3 11. bxc3 O-O 12. Nf4 Ne7 13. c4 dxc4 14. Qxc4+ Kh8
15. Rfc1 Bd7 16. Qc7 Bc6 17. Qxd8 Rfxd8 18. Bxf6 gxf6 19. e3 Rd6 20. h4 Rc8 21.
Bf1 Kg7 22. Rc5 b6 23. Rc3 Bd7 24. Rxc8 Nxc8 25. Rc1 Rc6 26. Rxc6 Bxc6 27. Bc4
Nd6 28. Bb3 Kf8 29. Kf1 a5 30. Ke1 a4 31. Bd1 b5 32. Ne6+ Ke7 33. Nc5 Bd5 34. a3
Nc4 35. Be2 Nxa3 36. Kd2 Bc4 37. Bd1 Kd6 38. Kc3 Nb1+ 39. Kb2 Nd2 40. Kc3 a3 41.
Na6 Nf1 42. Nb4 Nh2 43. Nc2 a2 44. Kb2 Kc7 45. Nb4 Kb6 46. Nxa2 Ka5 47. Nc3 b4
48. Nb1 Bd3 49. Nd2 Ng4 50. Bxg4 fxg4 51. Nb3+ Kb5 52. Nd2 f5 53. Nb3 Bc4 54.
Nc5 Bd5 55. Nd7 Kc4 56. Ne5+ Kb5 57. Nd7 Be6 58. Nc5 Bd5 59. Nd7 Be6 60. Nc5 Bd5
61. Nd7 h6 62. Kc2 Be6 63. Nc5 Bg8 64. Nd7 Kc4 65. Ne5+ Kb5 66. Kb2 Bd5 67. Kc2
Ka4 68. Kb2 Kb5 69. Kc2 Ka4 70. Kb2 Kb5 71. Kc2 Ka4 72. Kb2 1/2-1/2

[Event "World Blitz 2016"]
[Site "Doha QAT"]
[Date "2016.12.30"]
[Round "17.14"]
[White "Melkumyan, Hrant"]
[Black "Aronian, Levon"]
[Result "1-0"]
[WhiteTitle "GM"]
[BlackTitle "GM"]
[WhiteElo "2633"]
[BlackElo "2785"]
[WhiteFideId "13302485"]
[BlackFideId "13300474"]
[EventDate "2016.12.29"]

1. d4 Nf6 2. c4 e6 3. Nf3 d5 4. Nc3 Bb4 5. Bg5 dxc4 6. e4 b5 7. e5 h6 8. exf6
hxg5 9. fxg7 Rg8 10. Qc2 Rxg7 11. O-O-O c6 12. Ne4 Be7 13. Ne5 Bb7 14. Be2 Na6
15. Kb1 Qa5 16. Qc3 Qxc3 17. bxc3 O-O-O 18. a4 Nc7 19. Nc5 Bxc5 20. dxc5 Rd5 21.
Rxd5 Nxd5 22. Kb2 f6 23. Ng4 Kc7 24. Bf3 Bc8 25. h4 gxh4 26. Rxh4 bxa4 27. Rh6
Rf7 28. Ka3 Nxc3 29. Nxf6 Nd5 30. Ne8+ Kd7 31. Nd6 Rg7 32. Nxc4 Ba6 33. Ne5+ Kc7
34. Rxe6 Bb5 35. Bxd5 cxd5 36. g4 Rh7 37. g5 Rh3+ 38. f3 d4 39. g6 Rg3 40. Re7+
Kd8 41. Rb7 a6 42. g7 d3 43. Rb8+ Kc7 44. g8=Q Rxg8 45. Rxg8 d2 46. Rg7+ Kd8 47.
Rg1 Be2 48. Kxa4 d1=Q+ 49. Rxd1+ Bxd1+ 50. Ka5 Ke7 51. Kxa6 Ke6 52. f4 Kf5 53.
c6 Bb3 54. c7 Be6 55. Nd3 Bc8+ 56. Ka7 1-0

[Event "World Blitz 2016"]
[Site "Doha QAT"]
[Date "2016.12.30"]
[Round "17.15"]
[White "Vitiugov, Nikita"]
[Black "Mamedov, Rauf"]
[Result "1/2-1/2"]
[WhiteTitle "GM"]
[BlackTitle "GM"]
[WhiteElo "2726"]
[BlackElo "2688"]
[WhiteFideId "4152956"]
[BlackFideId "13401653"]
[EventDate "2016.12.29"]

1. d4 g6 2. e4 Bg7 3. Nc3 a6 4. a4 d6 5. g3 Nd7 6. Bg2 e5 7. Nge2 exd4 8. Nxd4
Ngf6 9. O-O O-O 10. h3 Re8 11. Re1 Rb8 12. Bf4 Ne5 13. b3 c5 14. Nde2 b5 15.
axb5 axb5 16. Rb1 b4 17. Na4 Bb7 18. Bg5 h6 19. Bxf6 Qxf6 20. Nf4 Bc6 21. Nb2
Ra8 22. Nbd3 Ra2 23. Nxe5 Qxe5 24. Nd3 Qc3 25. Re2 Bb5 26. Bf1 d5 27. e5 c4 28.
bxc4 Bxc4 29. Nxb4 Bxe2 30. Nxa2 Qxe5 31. Bxe2 Qxe2 32. Qxe2 Rxe2 33. Rd1 Rxc2
34. Nb4 Rc4 35. Nxd5 1/2-1/2

[Event "World Blitz 2016"]
[Site "Doha QAT"]
[Date "2016.12.30"]
[Round "17.16"]
[White "Matlakov, Maxim"]
[Black "Amonatov, Farrukh"]
[Result "1-0"]
[WhiteTitle "GM"]
[BlackTitle "GM"]
[WhiteElo "2694"]
[BlackElo "2620"]
[WhiteFideId "4168003"]
[BlackFideId "14700077"]
[EventDate "2016.12.29"]

1. Nf3 Nf6 2. g3 g6 3. Bg2 Bg7 4. O-O O-O 5. d4 d6 6. b3 Nbd7 7. Bb2 e5 8. dxe5
dxe5 9. Nxe5 Ng4 10. Nd3 Bxb2 11. Nxb2 Qf6 12. Qc1 Re8 13. h3 Nh6 14. Nd2 Nc5
15. Nd3 Nxd3 16. exd3 Nf5 17. Ne4 Qg7 18. Qf4 Nd4 19. Nf6+ Kf8 20. Qxd4 1-0

[Event "World Blitz 2016"]
[Site "Doha QAT"]
[Date "2016.12.30"]
[Round "17.17"]
[White "Naiditsch, Arkadij"]
[Black "Tomashevsky, Evgeny"]
[Result "1-0"]
[WhiteTitle "GM"]
[BlackTitle "GM"]
[WhiteElo "2687"]
[BlackElo "2716"]
[WhiteFideId "4650891"]
[BlackFideId "4147235"]
[EventDate "2016.12.29"]

1. e4 e5 2. Nf3 Nc6 3. Nc3 Nf6 4. Bb5 Bb4 5. O-O O-O 6. d3 Bxc3 7. bxc3 d6 8.
Bg5 Bd7 9. Rb1 a6 10. Ba4 Rb8 11. Bb3 h6 12. Bh4 Qe7 13. d4 Rbd8 14. Re1 Na5 15.
Qc1 Nxb3 16. cxb3 Rfe8 17. Rb2 Bg4 18. Nd2 g5 19. Bg3 Nh5 20. h3 Bc8 21. Nf1 Nf4
22. Ne3 Qf6 23. Bxf4 gxf4 24. Nd5 Qg6 25. Nxc7 Bxh3 26. f3 Rf8 27. Nd5 Kh7 28.
c4 Rg8 29. Ree2 Rde8 30. c5 Be6 31. Nc7 Rc8 32. cxd6 exd4 33. Qxf4 Bd7 34. Red2
Rg7 35. Rxd4 Rcg8 36. Rdd2 Kh8 37. Nd5 Rc8 38. Rbc2 Rc6 39. Nf6 Be6 40. d7 1-0

[Event "World Blitz 2016"]
[Site "Doha QAT"]
[Date "2016.12.30"]
[Round "17.20"]
[White "Lu, Shanglei"]
[Black "Pantsulaia, Levan"]
[Result "0-1"]
[WhiteTitle "GM"]
[BlackTitle "GM"]
[WhiteElo "2627"]
[BlackElo "2607"]
[WhiteFideId "8603332"]
[BlackFideId "13602071"]
[EventDate "2016.12.29"]

1. e4 c6 2. Nc3 d5 3. Nf3 a6 4. d4 Bg4 5. h3 Bh5 6. Be3 e6 7. Bd3 Nf6 8. e5 Nfd7
9. Ne2 Bxf3 10. gxf3 c5 11. c3 Nc6 12. a3 g6 13. h4 h5 14. Qd2 Na5 15. Rd1 Qb6
16. b4 cxb4 17. axb4 Nc6 18. Bg5 Nxb4 19. Bb1 Nc6 20. Nf4 Ne7 21. O-O Rc8 22.
Bd3 Qc6 23. c4 dxc4 24. Be4 Nd5 25. Nxg6 Rg8 26. Nxf8 Nxf8 27. Kh1 Ng6 28. f4
Nge7 29. Qe2 Rh8 30. Bf6 Kd7 31. Bxh8 Rxh8 32. Rg1 Ng6 33. f5 Nxh4 34. Rg7 Ke8
35. Rdg1 Nxf5 36. Rg8+ Rxg8 37. Rxg8+ Kd7 38. Qxh5 Kc7 39. Qxf7+ Qd7 40. Qh5 c3
41. Rf8 Nfe7 42. Rf7 Kb6 43. Qd1 Qb5 44. Kh2 Nc6 45. Rd7 Qc4 46. Rd6 Nc7 47.
Qb1+ Nb5 48. Rd7 Qe2 49. Kg3 Qb2 50. Qd3 Qc1 51. Kg2 Qg5+ 52. Kf1 Qc1+ 53. Kg2
Qg5+ 54. Kf1 Qc1+ 55. Kg2 Qd2 56. Qc4 Qg5+ 57. Kf3 Nbxd4+ 58. Rxd4 Nxe5+ 0-1

[Event "World Blitz 2016"]
[Site "Doha QAT"]
[Date "2016.12.30"]
[Round "17.21"]
[White "Riazantsev, Alexander"]
[Black "Dreev, Aleksey"]
[Result "1-0"]
[WhiteTitle "GM"]
[BlackTitle "GM"]
[WhiteElo "2671"]
[BlackElo "2652"]
[WhiteFideId "4125029"]
[BlackFideId "4100107"]
[EventDate "2016.12.29"]

1. d4 d5 2. c4 c6 3. Nc3 Nf6 4. e3 e6 5. Bd3 dxc4 6. Bxc4 b5 7. Bd3 Bb7 8. Ne4
Nbd7 9. Nxf6+ Nxf6 10. Nf3 a6 11. Qe2 c5 12. dxc5 Bxc5 13. Bxb5+ axb5 14. Qxb5+
Qd7 15. Qxc5 Rc8 16. Qa3 Qb5 17. Bd2 Ba6 18. Nd4 Qb7 19. f3 Nd7 20. Rc1 Rxc1+
21. Bxc1 Ne5 22. Qd6 Nd3+ 23. Kd2 Nxb2 24. Bxb2 Qxb2+ 25. Nc2 Qb5 26. a4 Qe2+
27. Kc3 Qc4+ 28. Kb2 f6 29. Rd1 Kf7 30. Rd4 Qc8 31. Qd7+ Qxd7 32. Rxd7+ Kg6 33.
Nd4 Rb8+ 34. Kc3 e5 35. Ne6 Bc8 36. Rxg7+ Kf5 37. Nc5 1-0

[Event "World Blitz 2016"]
[Site "Doha QAT"]
[Date "2016.12.30"]
[Round "17.22"]
[White "Christiansen, Johan-Sebastian"]
[Black "Amin, Bassem"]
[Result "1-0"]
[WhiteTitle "IM"]
[BlackTitle "GM"]
[WhiteElo "2429"]
[BlackElo "2662"]
[WhiteFideId "1512668"]
[BlackFideId "10601457"]
[EventDate "2016.12.29"]

1. Nf3 f5 2. d3 Nc6 3. e4 e5 4. Nc3 Nf6 5. exf5 d5 6. d4 e4 7. Nh4 Be7 8. Bg5
O-O 9. g4 Re8 10. Ng2 h6 11. Be3 Bd6 12. Be2 Ne7 13. Qd2 c6 14. O-O-O b5 15.
Rdg1 Qa5 16. Kb1 b4 17. Nd1 Ba6 18. Bxa6 Qxa6 19. Nh4 Nh7 20. g5 hxg5 21. Bxg5
Rab8 22. f6 Nc8 23. Nf5 Bf8 24. Bh6 g6 25. Rxg6+ Kf7 26. Rhg1 b3 27. cxb3 Qd3+
28. Qxd3 exd3 29. Bxf8 Nxf8 30. Nh6+ Ke6 31. f7+ Kd7 32. fxe8=Q+ Kxe8 33. Re1+
Kd7 34. Rg7+ 1-0

[Event "World Blitz 2016"]
[Site "Doha QAT"]
[Date "2016.12.30"]
[Round "17.23"]
[White "Bok, Benjamin"]
[Black "Bu, Xiangzhi"]
[Result "1/2-1/2"]
[WhiteTitle "GM"]
[BlackTitle "GM"]
[WhiteElo "2598"]
[BlackElo "2705"]
[WhiteFideId "1017063"]
[BlackFideId "8601445"]
[EventDate "2016.12.29"]

1. e4 e5 2. Nf3 Nc6 3. Bb5 a6 4. Ba4 Nf6 5. O-O Bc5 6. c3 b5 7. Bb3 d6 8. d4 Bb6
9. Be3 exd4 10. cxd4 O-O 11. Nbd2 h6 12. h3 Na5 13. Bc2 Re8 14. Re1 Bb7 15. d5
c6 16. b4 Nc4 17. Nxc4 bxc4 18. Ba4 Rc8 19. Bxb6 Qxb6 20. Qc2 Re7 21. dxc6 Bxc6
22. Bxc6 Rxc6 23. a3 Rc8 24. Rad1 a5 25. bxa5 Qxa5 26. Rxd6 Qxa3 27. e5 Rxe5 28.
Nxe5 Qxd6 29. Nxc4 Qd4 30. Rc1 Ne4 31. Rd1 Qxf2+ 32. Qxf2 Nxf2 33. Kxf2 Rxc4 34.
Rd7 h5 35. Rd5 g6 36. Ra5 Kg7 37. Rb5 Rc2+ 38. Kf3 Kf6 39. h4 Ke6 40. g3 Rd2 41.
Rb6+ Ke5 42. Rb7 Ke6 43. Rb6+ Rd6 44. Rb7 f6 45. Ra7 Rd5 46. Ra8 Kf5 47. Ra4 Rc5
48. Rb4 g5 49. hxg5 fxg5 50. Rb8 Rc3+ 51. Kg2 Re3 52. Rb5+ Re5 53. Rb8 Re2+ 54.
Kf3 Re5 55. Rf8+ Kg6 56. Rg8+ Kf7 57. Rh8 Kg6 58. Rg8+ Kf6 59. Rh8 g4+ 60. Kf2
Ra5 61. Rb8 Ke5 62. Re8+ Kd4 63. Rd8+ Ke4 64. Re8+ Re5 65. Ra8 Rf5+ 66. Kg2 Rd5
67. Ra4+ Ke3 68. Rf4 Ra5 69. Rf8 Ra2+ 70. Kg1 Rb2 71. Rf7 Rc2 72. Rf8 Re2 73.
Rf7 Rc2 74. Rf8 Ke4 75. Rf4+ Ke5 76. Rf8 Rc5 77. Kg2 Rd5 78. Re8+ Kd4 79. Kf2
Rf5+ 80. Kg2 Re5 81. Rf8 Ke4 82. Rf4+ Ke3 83. Rf7 Rd5 84. Rf8 Ke4 85. Re8+ Re5
86. Rf8 Ke3 87. Re8 1/2-1/2

[Event "World Blitz 2016"]
[Site "Doha QAT"]
[Date "2016.12.30"]
[Round "17.25"]
[White "Inarkiev, Ernesto"]
[Black "Nguyen, Ngoc Truong Son"]
[Result "0-1"]
[WhiteTitle "GM"]
[BlackTitle "GM"]
[WhiteElo "2709"]
[BlackElo "2629"]
[WhiteFideId "4162722"]
[BlackFideId "12401110"]
[EventDate "2016.12.29"]

1. e4 e5 2. Nf3 Nc6 3. Bb5 Nf6 4. O-O Nxe4 5. Re1 Nd6 6. Nxe5 Be7 7. Bf1 Nf5 8.
Nf3 d5 9. d4 O-O 10. c3 Bd6 11. Bd3 Re8 12. Rxe8+ Qxe8 13. Nbd2 Nce7 14. Nf1 Ng6
15. g3 c6 16. Bd2 Bf8 17. Qc2 Nd6 18. Re1 Qd8 19. h4 Qf6 20. Bg5 Qxf3 21. Nh2
Nxh4 22. Bxh4 Qh5 23. Re5 f5 24. Be7 Bd7 25. g4 Qf7 26. Bxf8 Rxf8 27. g5 Qg6 28.
f4 h6 29. Nf3 Re8 30. Qh2 Nf7 31. Nh4 Nxe5 32. Nxg6 Nf3+ 33. Kg2 Nxh2 34. Kxh2
Re3 35. Ne5 hxg5 36. fxg5 f4 37. Kg2 Bg4 38. Kf2 Bh5 39. g6 Kf8 40. Bf5 Re2+ 41.
Kf1 Rxb2 0-1